<?xml version="1.0" encoding="UTF-8"?>
<record
    xmlns:xsi="http://www.w3.org/2001/XMLSchema-instance"
    xsi:schemaLocation="http://www.loc.gov/MARC21/slim http://www.loc.gov/standards/marcxml/schema/MARC21slim.xsd"
    xmlns="http://www.loc.gov/MARC21/slim">

  <leader>04726cam a2200433   4500500</leader>
  <controlfield tag="005">20260517000336.0</controlfield>
  <datafield tag="041" ind1=" " ind2=" ">
    <subfield code="a">fre</subfield>
  </datafield>
  <datafield tag="042" ind1=" " ind2=" ">
    <subfield code="a">dc</subfield>
  </datafield>
  <datafield tag="100" ind1="1" ind2="0">
    <subfield code="a">Sanon, Anselme</subfield>
    <subfield code="e">author</subfield>
  </datafield>
  <datafield tag="700" ind1="1" ind2="0">
    <subfield code="a">Berthe, Abdramane</subfield>
    <subfield code="e">author</subfield>
  </datafield>
  <datafield tag="700" ind1="1" ind2="0">
    <subfield code="a">Traor&#xE9;, Isidore T.</subfield>
    <subfield code="e">author</subfield>
  </datafield>
  <datafield tag="700" ind1="1" ind2="0">
    <subfield code="a">Ou&#xE9;draogo, Salif</subfield>
    <subfield code="e">author</subfield>
  </datafield>
  <datafield tag="700" ind1="1" ind2="0">
    <subfield code="a">Etoudji, Albert</subfield>
    <subfield code="e">author</subfield>
  </datafield>
  <datafield tag="700" ind1="1" ind2="0">
    <subfield code="a">Konat&#xE9;, Issouf</subfield>
    <subfield code="e">author</subfield>
  </datafield>
  <datafield tag="700" ind1="1" ind2="0">
    <subfield code="a">Thi&#xE9;nou, Jean Richard</subfield>
    <subfield code="e">author</subfield>
  </datafield>
  <datafield tag="700" ind1="1" ind2="0">
    <subfield code="a">Konat&#xE9;, Blahima</subfield>
    <subfield code="e">author</subfield>
  </datafield>
  <datafield tag="700" ind1="1" ind2="0">
    <subfield code="a">Barbari, Aboubaracri</subfield>
    <subfield code="e">author</subfield>
  </datafield>
  <datafield tag="700" ind1="1" ind2="0">
    <subfield code="a">Soulama, Achille</subfield>
    <subfield code="e">author</subfield>
  </datafield>
  <datafield tag="700" ind1="1" ind2="0">
    <subfield code="a">Nagot, Nicolas</subfield>
    <subfield code="e">author</subfield>
  </datafield>
  <datafield tag="245" ind1="0" ind2="0">
    <subfield code="a">La gouvernance au sein des organisations de lutte contre le VIH &#xE0; Bobo-Dioulasso (Burkina Faso)</subfield>
  </datafield>
  <datafield tag="260" ind1=" " ind2=" ">
    <subfield code="c">2014.
							</subfield>
  </datafield>
  <datafield tag="500" ind1=" " ind2=" ">
    <subfield code="a">14</subfield>
  </datafield>
  <datafield tag="520" ind1=" " ind2=" ">
    <subfield code="a">Introduction&#x2008;: Si de nos jours les organisations de lutte contre l&#x2019;infection &#xE0; VIH continuent de jouer un grand r&#xF4;le dans la lutte contre cette pand&#xE9;mie, elles rencontrent n&#xE9;anmoins d&#x2019;&#xE9;normes difficult&#xE9;s de gouvernance qui handicapent leur fonctionnement/interventions ainsi que leur p&#xE9;rennisation. L&#x2019;objectif de ce travail &#xE9;tait de dresser l&#x2019;&#xE9;tat des lieux de la qualit&#xE9; de la gouvernance au sein des associations de lutte contre l&#x2019;infection &#xE0; VIH &#xE0; Bobo-Dioulasso. M&#xE9;thodes&#x2008;:&#xA0;Cette recherche qualitative a &#xE9;t&#xE9; r&#xE9;alis&#xE9;e aupr&#xE8;s de&#xA0;40 associations de Bobo-Dioulasso. Pendant 45 jours, les donn&#xE9;es qualitatives ont &#xE9;t&#xE9; collect&#xE9;es &#xE0; l&#x2019;aide d&#x2019;un guide d&#x2019;entretien. Une analyse th&#xE9;matique de ces donn&#xE9;es a &#xE9;t&#xE9; r&#xE9;alis&#xE9;e, et les r&#xE9;sultats ont &#xE9;t&#xE9; restitu&#xE9;s. R&#xE9;sultats&#x2008;:&#xA0;Si les 40 associations avaient mis en place des m&#xE9;canismes de bonne gouvernance, seulement 15 d&#x2019;entre elles s&#x2019;inscrivaient dans le respect des r&#xE8;gles majeures du fonctionnement d&#xE9;mocratique et du jeu des instances. La majorit&#xE9; des associations (29/40) ignoraient de nombreuses r&#xE8;gles de fonctionnement d&#xE9;mocratique. En effet, le Bureau Ex&#xE9;cutif &#xE9;tait incomplet dans 29/40 associations et cela avait pour cons&#xE9;quences la monopolisation de la prise de d&#xE9;cision par une poign&#xE9;e de personnes. Les proc&#xE8;s verbaux et les rapports techniques n&#x2019;&#xE9;taient pas diffus&#xE9;s dans la plupart des associations. Il y avait &#xE9;galement une faiblesse dans la prise en compte du genre. Discussion&#x2008;:&#xA0;La prise en compte des principes de la bonne gouvernance est limit&#xE9;e au sein des associations. Pour une bonne gouvernance associative, les membres des organismes, les dirigeants, les partenaires techniques et financiers devront fournir de nombreux efforts.</subfield>
  </datafield>
  <datafield tag="520" ind1=" " ind2=" ">
    <subfield code="a">Governance of HIV/AIDS organizations in Bobo-Dioulasso (Burkina Faso) Introduction: Although HIV/AIDS organizations continue to play a major role in the fight against pandemic HIV infections, they are still faced with enormous governance challenges that impair their operations / interventions and their sustainability.The objective of this study was to develop an inventory of the quality of governance within HIV/AIDS organizations in Bobo-Dioulasso. Methods: This qualitative research was conducted in 40 organizations from Bobo-Dioulasso. Qualitative data were collected over a 45-day period using an interview guide. Thematic analysis of the data was performed and the results were reported. Results: Although all 40 organizations had established good governance mechanisms, only fifteen complied with the major rules of democratic functioning and the roles of the various bodies.The majority of these organizations (29/40) ignored many democratic rules. The number of members required for the Executive Board was not met in 29/40 organizations resulting in monopolization of decision-making by a handful of people. Technical and financial reports were not published, resulting in limited access to information on the organization&#x2019;s activities. Gender equality also constituted a weakness. Discussion: Application of good governance principles was limited in these organizations. Organization members, leaders and technical and financial partners must reinforce good governance efforts in order to improve good governance in these organizations.</subfield>
  </datafield>
  <datafield tag="690" ind1=" " ind2=" ">
    <subfield code="a">Afrique subsaharienne</subfield>
  </datafield>
  <datafield tag="690" ind1=" " ind2=" ">
    <subfield code="a">infections &#xE0; HIV</subfield>
  </datafield>
  <datafield tag="690" ind1=" " ind2=" ">
    <subfield code="a">organisation</subfield>
  </datafield>
  <datafield tag="690" ind1=" " ind2=" ">
    <subfield code="a">participation communautaire</subfield>
  </datafield>
  <datafield tag="690" ind1=" " ind2=" ">
    <subfield code="a">prise de d&#xE9;cision</subfield>
  </datafield>
  <datafield tag="690" ind1=" " ind2=" ">
    <subfield code="a">recherche qualitative</subfield>
  </datafield>
  <datafield tag="690" ind1=" " ind2=" ">
    <subfield code="a">Africa South of the Sahara</subfield>
  </datafield>
  <datafield tag="690" ind1=" " ind2=" ">
    <subfield code="a">consumer participation</subfield>
  </datafield>
  <datafield tag="690" ind1=" " ind2=" ">
    <subfield code="a">decision-making</subfield>
  </datafield>
  <datafield tag="690" ind1=" " ind2=" ">
    <subfield code="a">hiv infections</subfield>
  </datafield>
  <datafield tag="690" ind1=" " ind2=" ">
    <subfield code="a">organizations</subfield>
  </datafield>
  <datafield tag="690" ind1=" " ind2=" ">
    <subfield code="a">qualitative research</subfield>
  </datafield>
  <datafield tag="786" ind1="0" ind2=" ">
    <subfield code="n">Sant&#xE9; Publique | 26 | 4 | 2014-09-25 | p. 531-539 | 0995-3914</subfield>
  </datafield>
  <datafield tag="856" ind1="4" ind2="1">
    <subfield code="u">https://stm.cairn.info/revue-sante-publique-2014-4-page-531?lang=fr&amp;redirect-ssocas=7080</subfield>
  </datafield>
  <datafield tag="999" ind1=" " ind2=" ">
    <subfield code="c">2231448</subfield>
    <subfield code="d">2231448</subfield>
  </datafield>
</record>
